000 00922nam a2200301 i 4500
003 EG-GICUC
005 20260422094910.0
008 260422s1930 fr ||||fr|||| 000 0 eng d
040 _aEG-GiCUC
_bfre
_cEG-GiCUC
_dEG-GiCUC
_eRda
041 0 _afre
082 0 4 _221
_a343
_b BE . A
092 0 4 _221
099 _aLaw1 10 343 BE . A 1930
100 1 _a Bedour, Jean
_eAuteur
245 1 4 _aLes Accidents Du Travail Et La LOI Pénale:
_cJean Bedour.
264 _aParis:
_bLes Presses Universitaires De France,
_c1930.
300 _a198 page :
_billustration ;
_c 24 cm.
336 _2rda contenu
_a texte
337 _2rda medias
_aOrdinateur
338 _2 transporteur rda
_a Ressource en ligne
504 _a
546 _aTexte en français
650 1 _aDroit pénal
_2qrmak
651 1 _2qrmak
856 4 0 _uhttps://fll.law.cu.edu.eg/fulltext/bks/B10-10845.pdf
905 _a158
942 _2ddc
_n0
_cBK
_e21
999 _c72784
_d72784